[Event "Ljubljana-chT"]
[Site "Gostovanja"]
[Date "2009.01.15"]
[Round "2.2"]
[White "Kariz, Peter"]
[Black "Bratko, Ivan"]
[Result "1/2-1/2"]
[WhiteElo "2132"]
[BlackElo "2232"]
[PlyCount "83"]
[EventDate "2009.01.08"]
[EventType "team-tourn"]
[EventRounds "9"]
[EventCountry "SLO"]
[SourceTitle "EXT 2011"]
[Source "ChessBase"]
[SourceDate "2010.11.26"]
[SourceVersion "1"]
[SourceVersionDate "2010.11.26"]
[SourceQuality "1"]

1. c4 Nf6 2. Nc3 e5 3. g3 Bb4 4. Bg2 Nc6 5. e3 Bxc3 6. bxc3 e4 7. f4 d5 8. cxd5 Qxd5 9. Nh3 0-0 10. Nf2 Re8 11. d3 Qc5 12. dxe4 Qxc3+ 13. Bd2 Qc4 14. Rc1 Qxa2 15. 0-0 Rd8 16. Rc2 Qb3 17. Qc1 a5 18. Bc3 a4 19. Bxf6 gxf6 20. Rc3 Qb4 21. e5 f5 22. Nd3 Qe7 23. Nc5 Ra7 24. Nxb7 Bxb7 25. Bxc6 Bxc6 26. Rxc6 a3 27. Qc4 a2 28. Ra1 Qa3 29. e6 Qxe3+ 30. Kg2 Qe4+ 31. Qxe4 fxe4 32. Kf2 f5 33. g4 fxg4 34. Ke3 Rb8 35. Rc2 Ra4 36. f5 Rb3+ 37. Kf4 Ra5 38. Rxc7 Rf3+ 39. Kxg4 Raxf5 40. Rxa2 R5f4+ 41. Kg5 Rf5+ 42. Kg4 1/2-1/2